|
|
|
|
| LEADER |
00000nam a2200000 a 4500 |
| 001 |
vtls001071992 |
| 003 |
SK-MaSNL |
| 005 |
20260301111006.0 |
| 008 |
250414s1993 xo 0 slo |
| 015 |
|
|
|a SNBA1993/07
|
| 020 |
|
|
|a 8071610070
|
| 035 |
|
|
|a SNK000014823
|
| 035 |
|
|
|a urn:nbn:sk:snk-amlguf
|
| 035 |
|
|
|a urn:nbn:sk:snk-am00bn3l
|
| 035 |
|
|
|a A81CA90E-0134-410F-B88E-A3D78948941F
|
| 040 |
|
|
|a SNK
|b slo
|c SNK
|e AACR2
|
| 041 |
0 |
|
|a slo
|
| 044 |
|
|
|a xo
|c SK
|
| 080 |
|
|
|a 001.94
|2 1981
|
| 100 |
1 |
|
|a Schneidman, Sara
|4 aut
|9 449809
|
| 245 |
1 |
0 |
|a Tajuplné miesta Zeme
|c Sara Schneidman, Pat Daniels, Anne Horan ; Prekl. Jozef Fukatsch ; Graf. upr. Zlatica Bursíková
|
| 250 |
|
|
|a 1. vyd.
|
| 260 |
|
|
|a Bratislava
|b Gemini
|c 1993
|
| 300 |
|
|
|a 160 s.
|b Fotogr., index
|c 28 cm
|
| 490 |
1 |
|
|a Edícia záhad
|
| 655 |
|
7 |
|a obrazové publikácie
|2 SNK
|9 70343
|
| 700 |
1 |
|
|a Daniels, Pat
|4 aut
|9 449810
|
| 700 |
1 |
|
|a Horan, Anne
|4 aut
|9 449811
|
| 700 |
1 |
|
|a Fukatsch, Jozef
|4 trl
|9 5628
|
| 700 |
1 |
|
|a Bursíková, Zlatica
|4 ill
|9 277834
|
| 852 |
|
|
|a Slovenská národná knižnica
|
| 919 |
|
|
|a 80-7161-007-0
|
| 954 |
|
|
|a Zem
|a záhady
|
| 958 |
|
|
|a TL
|
| 958 |
|
|
|a OP
|
| 958 |
|
|
|a NS
|
| 968 |
|
|
|b ENG
|d Z angl. orig.
|
| 999 |
|
|
|c 705016
|d 706946
|
| 952 |
|
|
|t P60, <04>, [BOOK], {604}
|a SNK
|b SNK
|y VYP
|7 0
|p 17A0058370
|o snkSB 51218 D1
|0 0
|1 0
|4 0
|d 1997-03-27
|l 0
|r 2004-12-31 00:00:00
|w 2026-02-23
|
| 952 |
|
|
|a SNK
|b SNK
|y PREZ
|7 0
|p 17A0902624
|o snkSB 51218
|0 0
|1 0
|4 0
|d 2012-08-08
|f 1
|l 0
|r 2025-03-12 00:00:00
|w 2026-02-23
|